[Event "San Jose 1000 GM Independence Day 2"]
[Site "San Jose"]
[Date "2024.07.10"]
[Round "5"]
[White "Jiang, Lucas"]
[Black "Grigoryan, Karen H"]
[Result "0-1"]
[WhiteElo "2272"]
[BlackElo "2573"]
[PlyCount "70"]
[EventDate "2024.07.08"]
[EventType "tourn"]
[EventRounds "9"]
[EventCountry "USA"]
[EventCategory "6"]
[SourceTitle "CBM 221 Extra"]
[Source "ChessBase"]
[SourceDate "2024.09.30"]
[SourceVersion "1"]
[SourceVersionDate "2024.09.30"]
[SourceQuality "1"]

1. e4 c5 2. Nf3 e6 3. d4 cxd4 4. Nxd4 Nf6 5. Bd3 d6 6. c4 g6 7. Nc3 Bg7 8. 0-0 0-0 9. Be3 b6 10. Rc1 Bb7 11. f4 a6 12. h3 Nbd7 13. b4 Rc8 14. Qe2 Rc7 15. Nf3 Nh5 16. Qf2 Qa8 17. Rfe1 b5 18. Nd2 Rfc8 19. Ne2 bxc4 20. Nxc4 Bf8 21. Nb6 Nxb6 22. Rxc7 Rxc7 23. Bxb6 Rc8 24. Qe3 Nf6 25. Ng3 Nd7 26. Bd4 e5 27. Bb2 Bh6 28. Ne2 Re8 29. Bc2 Nf6 30. Qg3 Bxe4 31. Ba4 Bc6 32. Bxc6 Qxc6 33. fxe5 dxe5 34. Rf1 Ne4 35. Qf3 f5 0-1

[Event "San Jose 1000 GM Independence Day 2"]
[Site "San Jose"]
[Date "2024.07.09"]
[Round "2"]
[White "Martinez Romero, Martin"]
[Black "Jiang, Lucas"]
[Result "1/2-1/2"]
[WhiteElo "2403"]
[BlackElo "2272"]
[PlyCount "40"]
[EventDate "2024.07.08"]
[EventType "tourn"]
[EventRounds "9"]
[EventCountry "USA"]
[EventCategory "6"]
[SourceTitle "CBM 221 Extra"]
[Source "ChessBase"]
[SourceDate "2024.09.30"]
[SourceVersion "1"]
[SourceVersionDate "2024.09.30"]
[SourceQuality "1"]

1. d4 d5 2. c4 dxc4 3. Nf3 Nf6 4. e3 e6 5. Bxc4 a6 6. 0-0 c5 7. Bb3 b5 8. dxc5 Bxc5 9. a4 bxa4 10. Qxd8+ Kxd8 11. Rxa4 Bb7 12. Bd2 Nbd7 13. Nc3 Ke7 14. e4 Rhc8 15. e5 Ne8 16. Ne4 Bxe4 17. Rxe4 Rab8 18. Bc4 Rxb2 19. Bxa6 Ra8 20. Bc4 h6 1/2-1/2

[Event "Las Vegas 1000 GM June GM-A"]
[Site "Las Vegas"]
[Date "2024.06.10"]
[Round "1"]
[White "Jiang, Lucas"]
[Black "Cordova, Emilio"]
[Result "0-1"]
[WhiteElo "2293"]
[BlackElo "2529"]
[PlyCount "84"]
[EventDate "2024.06.10"]
[EventType "tourn"]
[EventRounds "9"]
[EventCountry "USA"]
[EventCategory "7"]
[SourceTitle "CBM 220 Extra"]
[Source "ChessBase"]
[SourceDate "2024.07.31"]
[SourceVersion "1"]
[SourceVersionDate "2024.07.31"]
[SourceQuality "1"]

1. e4 c5 2. Nf3 b6 3. d4 cxd4 4. Nxd4 a6 5. c4 Bb7 6. Nc3 e6 7. Bd3 Qc7 8. 0-0 Nf6 9. Be3 Bb4 10. Qe2 Bxc3 11. bxc3 Nxe4 12. Bxe4 Bxe4 13. Qg4 Bg6 14. Bf4 Qxc4 15. Bd6 Nc6 16. h4 f6 17. h5 Nxd4 18. cxd4 Qd5 19. Qg3 Qxh5 20. d5 Kf7 21. dxe6+ dxe6 22. Bc7 Qb5 23. a4 Qd3 24. Qf4 e5 25. Qb4 Qd7 26. Rac1 Bh5 27. Qc4+ Qe6 28. Qe4 Rac8 29. Rc6 Bg6 30. Qf3 e4 31. Qc3 Qd5 32. a5 bxa5 33. Rc5 Qd3 34. Qxa5 Rhe8 35. Qa2+ Re6 36. Rd5 Rxc7 37. Rxd3 exd3 38. f4 Rc2 39. Qb3 Be4 40. Re1 Re2 41. Rc1 Rxg2+ 42. Kf1 Rc2 0-1

[Event "San Francisco 1000 GM Memorial Day"]
[Site "San Francisco"]
[Date "2024.05.25"]
[Round "5"]
[White "Jiang, Lucas"]
[Black "Georgiev, Vladimir"]
[Result "1/2-1/2"]
[WhiteElo "2318"]
[BlackElo "2392"]
[PlyCount "146"]
[EventDate "2024.05.23"]
[EventType "swiss"]
[EventRounds "9"]
[EventCountry "USA"]
[SourceTitle "CBM 220 Extra"]
[Source "ChessBase"]
[SourceDate "2024.07.31"]
[SourceVersion "1"]
[SourceVersionDate "2024.07.31"]
[SourceQuality "1"]

1. e4 e5 2. Nf3 Nc6 3. Bb5 a6 4. Ba4 d6 5. d4 Bd7 6. Bxc6 Bxc6 7. Nc3 Nf6 8. Qd3 exd4 9. Nxd4 Be7 10. b3 0-0 11. Bb2 Bd7 12. 0-0-0 b5 13. Nd5 Nxd5 14. exd5 Bf6 15. Rhe1 a5 16. a3 Qb8 17. Nf3 Qd8 18. Qd2 Bg4 19. Qf4 Bxb2+ 20. Kxb2 Bxf3 21. Qxf3 b4 22. a4 Qg5 23. g3 Rae8 24. h4 Qd8 25. Qf5 g6 26. Qf4 f5 27. Qg5 Qd7 28. h5 Qg7+ 29. Kb1 gxh5 30. Qxh5 Re4 31. Re2 Qg6 32. Qf3 Rfe8 33. Rde1 R8e5 34. Qd3 Qg4 35. Rxe4 fxe4 36. Qb5 Qf3 37. Qb8+ Qf8 38. Qxc7 Qxf2 39. Rh1 Qf5 40. g4 Qg6 41. Qxa5 e3 42. Qxb4 e2 43. Re1 Re8 44. a5 Qf6 45. a6 Qf2 46. Qd2 Kf7 47. a7 Qxa7 48. Rxe2 Qg1+ 49. Kb2 Rxe2 50. Qxe2 Qd4+ 51. c3 Qxd5 52. b4 h6 53. Qh2 Ke7 54. Qf2 Kd7 55. Qa7+ Kc8 56. Qa6+ Kd7 57. Qa7+ Kc8 58. Qd4 Qe6 59. Ka3 d5 60. Qc5+ Kb8 61. Qb5+ Kc7 62. Ka4 Qxg4 63. Qc5+ Kd8 64. Qb6+ Kc8 65. Qc6+ Kd8 66. Qxh6 Qd1+ 67. Ka5 Qa1+ 68. Kb5 Qxc3 69. Qd6+ Kc8 70. Qxd5 Qe1 71. Kc6 Qc3+ 72. Qc5 Qf6+ 73. Qd6 Qxd6+ 1/2-1/2